00742nam a2200193 i 4500001000700000003000900007005001700016007000300033008004100036100002800077245012500105260003400230300004100264650002800305700004200333852003200375999001900407952012200426140891ES-MaACL20250812225910.0t|070918s1963 sp ||||1| spa d1 aWendt, Herbert.911648613aEl legado de Noé b: historia del descubrimiento de los animales /cHerbert Wendt ; traducción por Ramón Margalef. aBarcelona : bLabor, c[1963] a493 p., 18 lám. : bil. ; c22 cm. 7aAnimales2embne91355621 aMargalef, Ramón, d1919-2004976608 aES-MaACLjC-24057 bR.52979 c140891d140891 00104070aATENEOMbATENEOMcDEPO2d2008-01-17eSCl0oC-24057p1146606r2023-02-23 00:00:00w2023-02-23yMONOGRAFIA